| 000 | 00458nam a2200193Ia 4500 | ||
|---|---|---|---|
| 003 | 0100 | ||
| 008 | 130227s9999 xx 000 0 und d | ||
| 040 | _cARRUPELIB | ||
| 050 | _aPN6519.N35P391 | ||
| 100 |
_aPelling, J. N. _922260 |
||
| 245 | _aNdebele proverbs | ||
| 245 | _band other sayings | ||
| 260 |
_aGwelo _c1971 |
||
| 260 | _bMambo Press | ||
| 300 | _a133p | ||
| 300 | _b 21cm | ||
| 650 |
_aProverbs _xNdebele _922261 |
||
| 942 |
_2lcc _cMONOGRAPH |
||
| 999 |
_c3218 _d3218 |
||